| 000 | 02143nam a2200301 4500 | ||
|---|---|---|---|
| 001 | 0000100124 | ||
| 005 | 20250617155723.0 | ||
| 008 | 190730s2025 000 0 eng d | ||
| 040 |
_aCO-CtgCURN _bspa _ccoctgcurn |
||
| 041 | 0 | _aspa | |
| 082 | 0 |
_aENF2025 _bA283 |
|
| 100 | 1 | _aAguilar Zarate, Lilian Andrea. | |
| 245 | 1 | 0 |
_aNivel de preparación para la maternidad en mujeres gestantes adolescentes residentes en dos barrios : _bLocalidad 2 Cartagena / _cLilian Andrea Aguilar Zarate; Carolay Aranza Liñán; Jeraldyn Paola Bello Pombo; asesora Diana Carolina Marsiglia López. |
| 260 |
_aCartagena de Indias : _bCorporación Universitaria Rafael Núñez, _c2025. |
||
| 300 | _a113 Hojas. | ||
| 336 |
_2rdacontent _atext _btxt |
||
| 337 |
_2rdacarrier _asin mediacion _bn |
||
| 338 |
_2rdacarrier _avolumen _bnc |
||
| 502 | _aTrabajo de grado (Enfermeria). Corporacion Universitaria Rafael Nuñez. Facultad de Ciencias de la salud. Enfermeria, 2025. | ||
| 520 | _a"Este trabajo de grado está enfocado en la identificación del nivel de preparación para la maternidad en embarazadas adolescentes en dos barrios de la localidad 2 de Cartagena, determinando la participación de su pareja actual (padre del bebe que espera) y la demostración tanto afectiva como cognitiva de la madre hacia el bebe en camino. Desde el punto de vista investigativo, es relevante realizar esta investigación porque permite visualizar cual es el nivel de preparación en el cual las madres se encuentran para afrontar la gestación y, además, correlacionar los resultados obtenidos tanto sociodemográficamente, como factores importantes; mediante el instrumento " | ||
| 650 | 0 |
_aEnfermeria _vTesis y disertaciones academicas. |
|
| 700 | 1 | _aAranza Liñán, Carolay. | |
| 700 | 1 | _aBello Pombo, Jeraldyn Paola. | |
| 700 | 1 |
_aMarsiglia López, Diana Carolina, _edirectora. |
|
| 856 |
_uhttps://unicurn.sharepoint.com/:b:/s/biblioteca/ER8RI7yB1gBBnc2vrlFPuXUB_NF8OFb-8Wc94QjFpxit8A?e=nhTRbZ _zClick para ver el recurso en texto completo |
||
| 942 |
_cTG _hENF 2025 _iA283 |
||
| 999 |
_c49015 _d49015 |
||